|
|
|
|
| LEADER |
01565nam a2200409Ia 4500 |
| 001 |
EBC313336 |
| 003 |
MiAaPQ |
| 005 |
20200520144314.0 |
| 006 |
m o d | |
| 007 |
cr cn||||||||| |
| 008 |
070531s2007 nbu sb 001 0 eng d |
| 010 |
|
|
|z 2007022094
|
| 020 |
|
|
|z 9780803224384 (cloth : alk. paper)
|
| 035 |
|
|
|a (MiAaPQ)EBC313336
|
| 035 |
|
|
|a (Au-PeEL)EBL313336
|
| 035 |
|
|
|a (CaPaEBR)ebr10202592
|
| 035 |
|
|
|a (CaONFJC)MIL109223
|
| 035 |
|
|
|a (OCoLC)182560097
|
| 040 |
|
|
|a MiAaPQ
|c MiAaPQ
|d MiAaPQ
|
| 050 |
|
4 |
|a HD9005
|b .R46 2007
|
| 082 |
0 |
4 |
|a 338.1/9097
|2 22
|
| 245 |
0 |
0 |
|a Remaking the North American food system
|h [electronic resource] :
|b strategies for sustainability /
|c edited by C. Clare Hinrichs and Thomas A. Lyson.
|
| 260 |
|
|
|a Lincoln :
|b University of Nebraska Press,
|c 2007.
|
| 300 |
|
|
|a 370 p.
|
| 490 |
1 |
|
|a Our sustainable future
|
| 504 |
|
|
|a Includes bibliographical references and index.
|
| 533 |
|
|
|a Electronic reproduction. Ann Arbor, MI : ProQuest, 2015. Available via World Wide Web. Access may be limited to ProQuest affiliated libraries.
|
| 650 |
|
0 |
|a Food industry and trade
|z North America.
|
| 650 |
|
0 |
|a Produce trade
|z North America.
|
| 650 |
|
0 |
|a Food consumption
|z North America.
|
| 650 |
|
0 |
|a Sustainable development
|z North America.
|
| 655 |
|
4 |
|a Electronic books.
|
| 700 |
1 |
|
|a Hinrichs, C. Clare.
|
| 700 |
1 |
|
|a Lyson, Thomas A.
|
| 710 |
2 |
|
|a ProQuest (Firm)
|
| 830 |
|
0 |
|a Our sustainable future.
|
| 856 |
4 |
0 |
|u https://ebookcentral.proquest.com/lib/matrademy/detail.action?docID=313336
|z Click to View
|